L`économie allemande sous le nazisme (Record no. 106115)

MARC details
000 -LEADER
campo de control de longitud fija 00860nam a2200241 i 4500
001 - NÚMERO DE CONTROL
campo de control 106115
003 - IDENTIFICADOR DE NÚMERO DE CONTROL
campo de control ES-MaACL
005 - FECHA Y HORA DE LA ÚLTIMA TRANSACCIÓN
campo de control 20260301142050.0
007 - CAMPO FIJO DE DESCRIPCIÓN FÍSICA--INFORMACIÓN GENERAL
campo de control de longitud fija t|
008 - DATOS DE LONGITUD FIJA--INFORMACIÓN GENERAL
campo de control de longitud fija 061002s1971 fr |||| | fre d
080 ## - NÚMERO DE LA CLASIFICACIÓN DECIMAL UNIVERSAL
Número de la Clasificación Decimal Universal 338(43)"1933/45"
080 ## - NÚMERO DE LA CLASIFICACIÓN DECIMAL UNIVERSAL
Número de la Clasificación Decimal Universal 308(43)"1933/45"
100 1# - ENTRADA PRINCIPAL--NOMBRE DE PERSONA
Nombre de persona Bettelheim, Charles.
9 (RLIN) 28678
245 12 - MENCIÓN DEL TÍTULO
Título L`économie allemande sous le nazisme
Resto del título : un aspect de la décadence du capitalisme /
Mención de responsabilidad, etc. Charles Bettelheim.
260 ## - PUBLICACIÓN, DISTRIBUCIÓN, ETC.
Lugar de publicación, distribución, etc. Paris :
Nombre del editor, distribuidor, etc. François Maspero,
Fecha de publicación, distribución, etc. 1971.
300 ## - DESCRIPCIÓN FÍSICA
Extensión 2 v. ;
Dimensiones 18 cm.
490 1# - MENCIÓN DE SERIE
Mención de serie Petite collection Maspero ;
Designación de volumen o secuencia 72-73
651 #7 - PUNTO DE ACCESO ADICIONAL DE MATERIA--NOMBRE GEOGRÁFICO
Nombre geográfico Alemania-
Subdivisión general Situación económica-
Subdivisión de forma 1933-1945
Fuente del encabezamiento o término
9 (RLIN) 167724
651 #4 - PUNTO DE ACCESO ADICIONAL DE MATERIA--NOMBRE GEOGRÁFICO
Nombre geográfico Alemania-
Subdivisión general Situación social-
Subdivisión cronológica 1933-1945.
9 (RLIN) 167725
830 0# - PUNTO DE ACCESO ADICIONAL DE SERIE-TÍTULO UNIFORME
Título uniforme Petite collection Maspero ;
Designación de volumen o secuencia 72-73
9 (RLIN) 179674
852 ## - LOCALIZACIÓN
Ubicación ES-MaACL
Número de control de estantería AND-850-51
Nota libre . - Biblioteca Juan Andrade
Holdings
Estatus retirado Estado de pérdida Estado de daño No para préstamo Biblioteca de origen Biblioteca actual Ubicación en estantería Fecha de adquisición Fuente de adquisición Total de préstamos Signatura topográfica completa Código de barras Visto por última vez Precio de reemplazo Tipo de ítem Koha
        Biblioteca del Ateneo de Madrid Biblioteca del Ateneo de Madrid Depósito 2 17/01/2008     AND-850-51 1110778 23/02/2023 23/02/2023 Libro impreso